000
00190 a2200097 4500
001
3232
100
_a
Abshagen, K.H
245
_a
Canaris
260
_a
_b
Hutchinson
_c
090
_c
2512
_d
2512
942
_a
NUST-CAE
_c
M
_c
16803
999
_c
238305
_d
238305